[Event "WY BU14 2012"]
[Site "Maribor SLO"]
[Date "2012.11.12"]
[Round "6.10"]
[White "Lorparizangeneh,S"]
[Black "Bai,Jinshi"]
[Result "1/2-1/2"]
[WhiteElo "2216"]
[BlackElo "2288"]

1.d4 d5 2.c4 c6 3.Nc3 Nf6 4.Nf3 dxc4 5.a4 Bf5 6.Ne5 Nbd7 7.Nxc4 Qc7 8.g3 e5
9.dxe5 Nxe5 10.Bf4 Nfd7 11.Bg2 g5 12.Ne3 gxf4 13.Nxf5 O-O-O 14.Qc2 Nc5 15.O-O fxg3
16.hxg3 a5 17.Rfd1 h5 18.Bh3 Kb8 19.Rxd8+ Qxd8 20.Rd1 Qf6 21.Qd2 Ng6 22.Qe3 h4
23.Qe8+ Ka7 24.Rd8 Be7 25.Ra8+ Kb6 26.Nd5+ cxd5 27.Qb5+ Kc7 28.Qxa5+ Kc6
29.Qb5+ Kc7 30.Qa5+ Kc6 31.Rxh8 Nxh8 32.b4 Ne6 33.b5+ Kd7 34.Qa8 hxg3 35.Qxb7+ Ke8
36.Qc8+ Nd8 37.Nxg3 Qa1+ 38.Kh2 Qxa4 39.Qd7+ Kf8 40.Qxd5 Ng6 41.e3 Qc2 42.Kg1 Qc1+
43.Nf1 Qc7 44.Ng3 Qc1+ 45.Nf1 Qc5 46.Bg2 Ne6 47.Qxc5 Bxc5 48.Nd2 Ne5 49.Ne4 Ba7
50.Nd6 Bb8 51.Nf5 Bc7 52.f4 Nc4 53.Kf2 Bb6 54.Bd5 Na3 55.Nd6 Nxf4 56.Bxf7 Bc5
57.Ne4 Nd3+ 58.Ke2 Kxf7 59.Kxd3 Ba7 60.b6 Bxb6 61.Nd6+ Ke6 62.Nc4 Nxc4 63.Ke4  1/2-1/2

[Event "WY BU14 2012"]
[Site "Maribor SLO"]
[Date "2012.11.12"]
[Round "6.10"]
[White "Lorparizangeneh,S"]
[Black "Bai,Jinshi"]
[Result "1/2-1/2"]
[WhiteElo "2216"]
[BlackElo "2288"]

1.d4 d5 2.c4 c6 3.Nc3 Nf6 4.Nf3 dxc4 5.a4 Bf5 6.Ne5 Nbd7 7.Nxc4 Qc7 8.g3 e5
9.dxe5 Nxe5 10.Bf4 Nfd7 11.Bg2 g5 12.Ne3 gxf4 13.Nxf5 O-O-O 14.Qc2 Nc5 15.O-O fxg3
16.hxg3 a5 17.Rfd1 h5 18.Bh3 Kb8 19.Rxd8+ Qxd8 20.Rd1 Qf6 21.Qd2 Ng6 22.Qe3 h4
23.Qe8+ Ka7 24.Rd8 Be7 25.Ra8+ Kb6 26.Nd5+ cxd5 27.Qb5+ Kc7 28.Qxa5+ Kc6
29.Qb5+ Kc7 30.Qa5+ Kc6 31.Rxh8 Nxh8 32.b4 Ne6 33.b5+ Kd7 34.Qa8 hxg3 35.Qxb7+ Ke8
36.Qc8+ Nd8  1/2-1/2

[Event "WY BU18 2012"]
[Site "Maribor SLO"]
[Date "2012.11.16"]
[Round "9.13"]
[White "Naoum,S"]
[Black "Mammadov,Z"]
[Result "0-1"]
[WhiteElo "2184"]
[BlackElo "2449"]

1.d4 d5 2.c4 c6 3.Nc3 Nf6 4.Nf3 dxc4 5.a4 Bf5 6.Ne5 Na6 7.e3 Nb4 8.Bxc4 e6
9.O-O Bd6 10.Qe2 Nc2 11.Ra2 Nd5 12.a5 Ndb4 13.Ra4 O-O 14.Rd1 Qe7 15.Nf3 b5
16.axb6 axb6 17.Rxa8 Rxa8 18.e4 Bg6 19.Bg5 Qb7 20.d5 exd5 21.exd5 h6 22.Bh4 Bh5
23.Ne4 Be5 24.Nc5 Qc7 25.Nd3 Bxh2+ 26.Kh1 cxd5 27.Nxb4 Nxb4 28.Bb3 g5 29.Qe1 Bxf3
30.gxf3 Qf4  0-1

[Event "WY GU16 2012"]
[Site "Maribor SLO"]
[Date "2012.11.16"]
[Round "9.28"]
[White "Kalaydina,R"]
[Black "Rodsmoen,Maud"]
[Result "1-0"]
[WhiteElo "1934"]
[BlackElo "1747"]

1.d4 d5 2.c4 c6 3.Nf3 Nf6 4.Nc3 dxc4 5.a4 Bf5 6.e3 e6 7.Bxc4 Bd6 8.O-O Qc7
9.h3 h6 10.Qe2 Ne4 11.Nd2 Nxc3 12.bxc3 O-O 13.e4 Bh7 14.e5 Be7 15.Ne4 c5
16.Bd3 Nd7 17.Ba3 Rfe8 18.Bb5 Bxe4 19.Qxe4 c4 20.a5 Bxa3 21.Rxa3 a6 22.Ba4 Qxa5
23.Qxb7 Red8 24.Rfa1 Rab8 25.Qe4 Qd5 26.Qxd5 exd5 27.Bc6 Nf8 28.Rxa6 Rb3
29.R1a3 Rb1+ 30.Kh2 Rb2 31.Ra2 Rb3 32.R2a3 Rb2 33.Kg3 Ne6 34.Ra8 Rb3 35.Rxd8+ Nxd8
36.Ra8 Rxc3+ 37.f3 Kh7 38.Rxd8 Rd3 39.Bxd5 Rc3 40.Rc8 Rc1 41.Rxc4 Rd1 42.Be4+ g6
43.d5 Kg7 44.d6 f6 45.Rc7+ Kf8 46.e6 Rxd6 47.e7+ Kf7 48.Bxg6+ Kxg6 49.e8=Q+ Kf5
50.Qe4+ Kg5 51.Rg7+ Kh5 52.Qg4+  1-0

[Event "WY BU18 2012"]
[Site "Maribor SLO"]
[Date "2012.11.16"]
[Round "9.26"]
[White "Perez,Rob"]
[Black "Hasenohr,B"]
[Result "1-0"]
[WhiteElo "2355"]
[BlackElo "2196"]

1.d4 d5 2.c4 c6 3.Nf3 Nf6 4.Nc3 dxc4 5.a4 Bf5 6.Ne5 Nbd7 7.Nxc4 Nb6 8.Ne5 a5
9.Bg5 g6 10.f3 Bg7 11.e4 Be6 12.Be3 O-O 13.Be2 Nfd7 14.Nxd7 Bxd7 15.Qb3 Rc8
16.O-O Kh8 17.f4 Rb8 18.Rfd1 Nc8 19.d5 Qe8 20.e5 e6 21.d6 f6 22.Bd4 fxe5
23.Bxe5 Rf5 24.Ne4 Bxe5 25.fxe5 Qd8 26.Qh3 Qb6+ 27.Kh1 Qxb2 28.Nf6 Rxf6 29.exf6 Qxf6
30.Ra3 Nb6 31.Rf3 Qg7 32.Qh4 g5 33.Qf2 Nxa4 34.Rf7 Qe5 35.Rxd7 Nc5 36.Rf7 Kg8
37.Rf1 Qxd6 38.Qf6  1-0

[Event "WY BU16 2012"]
[Site "Maribor SLO"]
[Date "2012.11.17"]
[Round "10.4"]
[White "Harutyunian,T"]
[Black "Laurusas,T"]
[Result "1-0"]
[WhiteElo "2334"]
[BlackElo "2425"]

1.d4 d5 2.c4 c6 3.Nf3 Nf6 4.Nc3 dxc4 5.a4 Bf5 6.e3 e6 7.Bxc4 Bb4 8.O-O O-O
9.Qe2 Nbd7 10.e4 Bg6 11.e5 Nd5 12.Bd2 a5 13.Nxd5 Bxd2 14.Qxd2 exd5 15.Bd3 Be4
16.Qe3 Bxf3 17.Qxf3 Re8 18.Ra3 Nf8 19.Rb3 Rb8 20.Qh3 c5 21.Bb5 Re6 22.f4 Rh6
23.Qe3 cxd4 24.Qxd4 Ne6 25.Qf2 Rc8 26.Rd1 b6 27.Rbd3 Rc5 28.R3d2 Nc7 29.Bd3 Rhc6
30.h3 Qe7 31.Qg3 h6 32.f5 Qg5 33.Qxg5 hxg5 34.Kh2 Rc1 35.Kg3 Rxd1 36.Rxd1 Rc5
37.Kg4 d4 38.Re1 Nd5 39.Re4 Nf4 40.Bb5 Kf8 41.g3 Nd5 42.Kxg5 Ne7 43.Rxd4 f6+
44.Kg4 Nd5 45.exf6 Nxf6+ 46.Kg5 Rc2 47.b3 Rc3 48.Rd3 Rc8 49.g4 Kf7 50.Bc4+ Kf8
51.Kg6 Rc7 52.Be6 Rb7 53.g5 Ne8 54.f6 b5 55.f7  1-0

[Event "TCh-AUT 2 East 2012-13"]
[Site "Austria AUT"]
[Date "2012.11.18"]
[Round "4.1"]
[White "Menezes,Chr"]
[Black "Videki,S"]
[Result "0-1"]
[WhiteElo "2303"]
[BlackElo "2429"]

1.d4 d5 2.c4 c6 3.Nf3 Nf6 4.Nc3 dxc4 5.a4 Bf5 6.e3 e6 7.Bxc4 Bb4 8.O-O O-O
9.Qe2 Nbd7 10.e4 Bg4 11.h3 Bxf3 12.Qxf3 Nb6 13.Bb3 Qxd4 14.Rd1 Qc5 15.Be3 Qa5
16.Bd4 Nbd7 17.Ne2 Rad8 18.g4 h6 19.Ng3 Ne5 20.Qe2 Rd7 21.Be3 Bc5 22.Rxd7 Nexd7
23.Kg2 Qb4 24.Bxc5 Nxc5 25.Bc2 e5 26.Rd1 Ne6 27.Qd2 Qxb2 28.Rb1 Qd4  0-1

[Event "38th ch-BAN 2012"]
[Site "Dhaka BAN"]
[Date "2012.11.18"]
[Round "10.5"]
[White "Chatterjee,D"]
[Black "Abu Sufian,S"]
[Result "0-1"]
[WhiteElo "2307"]
[BlackElo "2374"]

1.d4 d5 2.Nf3 Nf6 3.c4 c6 4.Nc3 dxc4 5.a4 Bf5 6.e3 e6 7.Bxc4 Bb4 8.O-O O-O
9.Qe2 Nbd7 10.e4 Bg4 11.Rd1 Qa5 12.h3 Bxf3 13.Qxf3 e5 14.d5 Nb6 15.Bb3 Bxc3
16.bxc3 cxd5 17.exd5 Rac8 18.c4 Nxc4 19.Bg5 e4 20.Qf5 Nd6 21.Qf4 Qd8 22.Qg3 h6
23.Bd2 Re8 24.Qe3 b6 25.Bb4 Qd7 26.Qf4 Nc4 27.Rac1 Nb2 28.Rxc8 Rxc8 29.Rb1 Nd3
30.Qd6 Rd8 31.Qxd7 Rxd7 32.Bd2 Nxd5 33.a5 b5 34.Bxd5 Rxd5 35.a6 b4 36.Be3 Ra5
37.Bxa7 Rxa6 38.Bd4 f5 39.Kh2 Rd6 40.Be3 f4 41.Ba7 Rd7 42.Bb6 Rb7 43.Bd4 b3
44.g3 f3 45.g4 b2 46.Kg3 Rb4  0-1

[Event "22nd World Seniors Open"]
[Site "Kamena Vourla GRE"]
[Date "2012.11.22"]
[Round "9.6"]
[White "Okhotnik,V"]
[Black "Kakageldyev,A"]
[Result "1/2-1/2"]
[WhiteElo "2433"]
[BlackElo "2375"]

1.d4 d5 2.c4 c6 3.Nc3 Nf6 4.Nf3 dxc4 5.a4 Bf5 6.Nh4 Bg6 7.Nxg6 hxg6 8.e4 e6
9.Bxc4 Bb4 10.O-O Bxc3 11.bxc3 Nxe4 12.Qb3 Qc7 13.g3 O-O 14.Bxe6 Nxc3 15.Qxc3 fxe6
16.Bf4 Qf7 17.Rab1 b6 18.Rbe1 Re8 19.Re2 Nd7 20.Qxc6 Rac8 21.Qb5 Nf6 22.Rfe1 Nd5
23.Bd2 Rc2 24.a5 bxa5 25.Bxa5 Rec8 26.Qd3 Qf5 27.Qxf5 exf5 28.Re8+ Kf7 29.R8e5 Nf6
30.Re7+ Kg8 31.R1e6 Ra2 32.Be1 Rc1 33.Kg2 Ne4 34.Rxg6 Rxe1 35.Rgxg7+ Kh8
36.Rh7+ Kg8 37.Reg7+ Kf8 38.Rf7+ Kg8  1/2-1/2

[Event "ch-Commonwealth 2012"]
[Site "Chennai IND"]
[Date "2012.11.24"]
[Round "3"]
[White "Navalgund,N"]
[Black "Fominyh,A"]
[Result "1/2-1/2"]
[WhiteElo "2149"]
[BlackElo "2456"]

1.d4 d5 2.c4 c6 3.Nf3 Nf6 4.Nc3 dxc4 5.a4 Bf5 6.e3 e6 7.Bxc4 Bb4 8.Qb3 Qe7
9.O-O O-O 10.Nh4 Bg4 11.f3 Bh5 12.g4 Bg6 13.Nxg6 hxg6 14.g5 Nd5 15.f4 Nd7
16.a5 b5 17.Bd3 a6 18.e4 Nc7 19.f5 c5 20.dxc5 Qxc5+ 21.Kg2 Ne5 22.Be2 Nc6
23.Na2 Bxa5 24.Be3 Qe5 25.Nc1 exf5 26.exf5 Nd5 27.Rf3 Bc7 28.fxg6 Qxh2+ 29.Kf1 Qh1+
30.Kf2 Qh4+ 31.Kg1 Qg4+ 32.Kf2 Qh4+ 33.Kg1 Bh2+ 34.Kg2 Nxe3+ 35.Qxe3 Ne5
36.Rh3 Bf4 37.gxf7+ Rxf7 38.Rxh4 Bxe3 39.Re4 Bxc1 40.Rxc1 Rf5 41.Rf1 Rxg5+
42.Kh3 Nd7 43.Kh4 Rg6 44.Re7 Nf6 45.Bd3 Rh6+ 46.Kg3 Rd8 47.Bf5 Nh5+ 48.Kg4 Nf6+
49.Kg3 Kf8 50.Ra7 Re8 51.Rf2 Kg8 52.Kg2 Nd5 53.Bd7 Rd8 54.Kg3 Rd6 55.Bf5 Nf6
56.b3 Re8 57.Rc2 Rd5 58.Kf4 Nh5+ 59.Kg4 Nf6+ 60.Kf4 Rd4+ 61.Kf3 g5 62.Bg6 Rf8
63.Kg2 Rg4+ 64.Kh2 Rb4 65.Rxa6 Rxb3 66.Kg2 Nd5 67.Kh2 Kg7 68.Rd2 Rh8+ 69.Kg1 Rg3+
70.Kf2 Rh2+ 71.Kxg3 Rxd2 72.Be4 Nf6 73.Ra7+ Kh6 74.Ra6 Kg7 75.Ra7+ Kf8 76.Bg6 Rd6
77.Rf7+ Kg8 78.Rb7 Nd5 79.Rxb5 Kg7 80.Be4 Nc3 81.Rxg5+ Kh6 82.Rg6+ Rxg6+
83.Bxg6  1/2-1/2

[Event "XXVI Belgrade Trophy 2012"]
[Site "Belgrade SRB"]
[Date "2012.11.27"]
[Round "4.48"]
[White "Zarkovic,Milos"]
[Black "Rajcevic,S"]
[Result "0-1"]
[WhiteElo "1637"]
[BlackElo "2068"]

1.d4 d5 2.c4 c6 3.Nf3 Nf6 4.Nc3 dxc4 5.a4 Bf5 6.e3 e6 7.Bxc4 Bb4 8.O-O O-O
9.Qe2 Nbd7 10.e4 Bg6 11.Bd3 Qa5 12.Bd2 Rad8 13.e5 Bxd3 14.Qxd3 Nxe5 15.Nxe5 Qxe5
16.dxe5 Rxd3 17.exf6 Rxd2 18.fxg7 Rfd8 19.Rab1 Kxg7 20.Rfe1 Rxb2 21.Rxb2 Bxc3
22.Rbe2 Bxe1 23.Rxe1 Rd2 24.h3 b5 25.axb5 cxb5 26.Rb1 a6 27.Ra1 Rd6  0-1

[Event "XXVI Belgrade Trophy 2012"]
[Site "Belgrade SRB"]
[Date "2012.11.27"]
[Round "4.39"]
[White "Ratkovic,Miloj"]
[Black "Rajkovic,Mladen"]
[Result "1/2-1/2"]
[WhiteElo "2228"]
[BlackElo "1935"]

1.d4 d5 2.c4 c6 3.Nc3 dxc4 4.a4 Nf6 5.Nf3 Bf5 6.e3 e6 7.Bxc4 Bb4 8.O-O O-O
9.Qe2 Ne4 10.Nxe4 Bxe4 11.Rd1 Nd7 12.Bd2 Bd6 13.Bd3 Nf6 14.Rac1 Rc8 15.Be1 Qc7
16.Bxe4 Nxe4 17.Qd3 f5 18.g3 Qe7 19.Nd2 Nxd2 20.Bxd2 Bb4 21.Qb3 Bxd2 22.Rxd2 Rfd8
23.Qc3 Rd5 24.b4 Rcd8 25.f4 Qf6 26.Rb2 a6 27.b5 axb5 28.axb5 c5 29.dxc5 Rxc5
30.Qxc5 Qxb2 31.Rc2 Qb1+ 32.Rc1 Rd1+ 33.Rxd1 Qxd1+ 34.Kf2 Qd2+ 35.Kf1 Qd1+
36.Kg2 Qe2+ 37.Kg1 Qe1+  1/2-1/2

[Event "Doroshkevicha Mem Open 2012"]
[Site "Sochi RUS"]
[Date "2012.11.28"]
[Round "3"]
[White "Baraeva,M"]
[Black "Rozhko,D"]
[Result "1/2-1/2"]
[WhiteElo "2161"]
[BlackElo "2359"]

1.d4 d5 2.c4 c6 3.Nc3 Nf6 4.Nf3 dxc4 5.a4 Bf5 6.e3 e6 7.Bxc4 Bb4 8.O-O Nbd7
9.Qe2 Bg6 10.Rd1 O-O 11.Bd2 Qe7 12.Rac1 e5 13.dxe5 Nxe5 14.Nxe5 Qxe5 15.f3 Bc5
16.Kh1 Rad8 17.e4 Rd4 18.Be1 Re8 19.Bg3 Qe7 20.Rxd4 Bxd4 21.Rd1 Be5 22.Bxe5 Qxe5
23.Qe3 b6 24.Qd4 Kf8 25.Qxe5 Rxe5 26.Rd8+ Re8 27.Rd6 Rc8 28.g4 Ke7 29.e5 Ne8
30.Rd2 f6 31.f4 fxe5 32.fxe5 Rd8 33.Rxd8 Kxd8 34.Kg2 Nc7 35.Kf3 Bc2 36.h4 h6
37.b3 Ke7 38.Ne4 Ne6 39.Ke3 b5 40.axb5 cxb5 41.Bxb5 Bxb3 42.Ba6 Bc2 43.Ng3 Nc7
44.Bc4 a5 45.Nf5+ Kf8 46.e6 Bxf5 47.gxf5 Ke7 48.Kd4 Kf6 49.Bd3 g6 50.fxg6 Nxe6+
51.Kc4 Nf4 52.Bc2 Nxg6 53.Kb5 Nxh4 54.Kxa5 Kg5 55.Bd1 Kf4 56.Bh5 Kg5 57.Bd1 Ng2
58.Kb4 Ne3 59.Be2 Ng4 60.Kc3 h5 61.Kd2 Kf4 62.Ke1 Kg3 63.Kf1 Nh2+ 64.Kg1 h4
65.Kh1 h3 66.Kg1 Ng4 67.Bxg4 Kxg4  1/2-1/2

[Event "TCh-CZE Extraliga 2012-13"]
[Site "Czech Republic CZE"]
[Date "2012.12.01"]
[Round "3.7"]
[White "Zilka,S"]
[Black "Meduna,E1"]
[Result "1-0"]
[WhiteElo "2529"]
[BlackElo "2416"]

1.d4 Nf6 2.c4 c6 3.Nc3 d5 4.Nf3 dxc4 5.a4 Bf5 6.Ne5 Nbd7 7.Nxc4 Nb6 8.Ne5 a5
9.f3 Nfd7 10.Nxd7 Nxd7 11.e4 Bg6 12.Be2 e6 13.Be3 Bb4 14.O-O O-O 15.Qb3 Qb6
16.Bf2 Bc5 17.Qc4 Be7 18.Rad1 Qb4 19.Na2 Qxc4 20.Bxc4 Rfd8 21.Nc1 c5 22.Nb3 b6
23.Bb5 f5 24.exf5 Bxf5 25.dxc5 Nxc5 26.Nd4 Bf6 27.Nxf5 exf5 28.Bc4+ Kf8 29.b3 Rxd1
30.Rxd1 Ke7 31.Kf1 Rd8 32.Re1+ Kf8 33.Bg3 Bc3 34.Bc7  1-0

[Event "3rd Bali Femenino Int"]
[Site "Benidorm ESP"]
[Date "2012.12.04"]
[Round "1.5"]
[White "Maisuradze,N"]
[Black "Guramishvili,S"]
[Result "0-1"]
[WhiteElo "2315"]
[BlackElo "2403"]

1.d4 d5 2.c4 dxc4 3.Nf3 Nf6 4.Nc3 c6 5.a4 Bf5 6.Ne5 Nbd7 7.Nxc4 Nb6 8.Ne5 a5
9.f3 Nfd7 10.Nxd7 Qxd7 11.e4 Bg6 12.Be3 e6 13.d5 Nc8 14.Qb3 Bb4 15.dxe6 fxe6
16.Bc4 Bf7 17.Bg5 Ne7 18.Rd1 Qc8 19.O-O O-O 20.Rd3 Ng6 21.Rfd1 b5 22.axb5 cxb5
23.Bxb5 Ne5 24.Re3 Qc5 25.Kh1 h6 26.Bf4 Ng6 27.Bxh6 gxh6 28.Red3 Rab8 29.Bd7 Bxc3
30.Rxc3 Qf2 31.Rc2 Rxb3 32.Rxf2 Rfb8 33.Rdd2 Ne5 34.Ba4 R3b4  0-1

[Event "5th Kolkata Open"]
[Site "Kolkata IND"]
[Date "2012.12.11"]
[Round "9.14"]
[White "Gupta,Ab"]
[Black "Ghosh,D"]
[Result "1/2-1/2"]
[WhiteElo "2662"]
[BlackElo "2425"]

1.d4 d5 2.c4 c6 3.Nf3 Nf6 4.Nc3 dxc4 5.a4 Bf5 6.Ne5 Nbd7 7.Nxc4 Qc7 8.g3 e5
9.dxe5 Nxe5 10.Bf4 Nfd7 11.Bg2 g5 12.Ne3 gxf4 13.Nxf5 O-O-O 14.Qc2 fxg3 15.hxg3 Kb8
16.O-O h5 17.e3 Ng6 18.Rfc1 Rc8 19.Qd1 Nf6 20.Nb5 Qb6 21.Nbd6 Rd8 22.a5 Qb4
23.Ra4 Rxd6 24.Nxd6 Qxd6 25.Rd4 Qe6 26.Rd8+ Kc7 27.a6 Bg7 28.axb7 Rxd8 29.Qxd8+ Kxd8
30.b8=Q+ Qc8 31.Rd1+ Nd5 32.Qxa7 Ke8 33.Qc5 Nde7 34.Rd6 Be5 35.Rd2 Kf8 36.f4 Bf6
37.Qxh5 Kg7 38.e4 Qc7 39.e5 Nxe5 40.fxe5 Qxe5 41.Qxe5 Bxe5 42.Kf2 c5 43.b3 Kf6
44.Be4 Nc8 45.Kf3 Nd6 46.Bd5 Bc3 47.Rc2 Bd4 48.Ra2 Ke5 49.Bc4 Bc3 50.Re2+ Kf6
51.Kf4 Nf5 52.g4 Nd4 53.Re8 Kg6 54.Ke4 f6 55.Kd5 Bb4 56.Rg8+ Kh7 57.Rb8 Ba3
58.Kd6 Kh6 59.Ke7 Nc6+ 60.Kxf6 Bb2+ 61.Ke6 Nxb8 62.Kd6 Bd4 63.Bb5 Kg5 64.Kd5 Kxg4
65.b4 cxb4 66.Kxd4  1/2-1/2

[Event "4th Penang Heritage City Open"]
[Site "Penang MAS"]
[Date "2012.12.12"]
[Round "3.3"]
[White "Olay,E"]
[Black "Castellano,Christo"]
[Result "1-0"]
[WhiteElo "2355"]
[BlackElo "2253"]

1.d4 d5 2.c4 c6 3.Nf3 Nf6 4.Nc3 dxc4 5.a4 Bf5 6.e3 e6 7.Bxc4 Bb4 8.O-O Nbd7
9.Nh4 O-O 10.f3 c5 11.Na2 Ba5 12.e4 Bg6 13.Nxg6 hxg6 14.dxc5 Bc7 15.Be3 Qe7
16.b4 a5 17.Qb3 axb4 18.Qxb4 Rfc8 19.Rfc1 Nh5 20.c6 Bd6 21.Qd2 bxc6 22.a5 Rd8
23.a6 Ne5 24.Bf1 Ng4 25.fxg4 Bxh2+ 26.Kxh2 Rxd2 27.gxh5 Qh4+ 28.Kg1 Qxe4
29.Re1 Rc2 30.a7 c5 31.hxg6 fxg6 32.Nc1 Rxa7 33.Rxa7 Rxc1 34.Re2 Rd1 35.Rxg7+ Kh8
36.Rf7 Qd3 37.Rff2 c4 38.Bf4 c3 39.Re3 Qd5 40.Be5+ Kg8 41.Bxc3 Qc5 42.Rff3 g5
43.Rg3 Kh7 44.Kf2 g4 45.Be1 Qf5+ 46.Kg1 Qf4 47.Bf2 e5 48.Re1 Rxe1 49.Bxe1 e4
50.Bf2 Qc1 51.Re3 Qb1 52.g3 Kh6 53.Re1 Qb4 54.Bg2 Kh5 55.Rxe4 Qb1+ 56.Kh2 Qc2
57.Rf4 Qe2 58.Be4 Kg5 59.Bf5 Qf1 60.Bxg4 Kg6 61.Bf5+ Kg5 62.Be4 Qe2 63.Kg2 Qd2
64.Bf3 Qb2 65.Rd4 Kh6 66.Rd6+ Kg5 67.Rd5+ Kg6 68.g4 Qc3 69.Be4+ Kh6 70.Bc5 Qe1
71.Bf8+  1-0

[Event "ch-IRI 2012"]
[Site "Zahedan IRI"]
[Date "2012.12.12"]
[Round "8.4"]
[White "Javanbakht,N"]
[Black "Pourramezanali,A"]
[Result "1-0"]
[WhiteElo "2406"]
[BlackElo "2365"]

1.d4 d5 2.c4 c6 3.Nc3 Nf6 4.Nf3 dxc4 5.a4 Bf5 6.Ne5 e6 7.e3 Nbd7 8.Nxd7 Qxd7
9.Bxc4 Bd6 10.f3 e5 11.d5 e4 12.g4 Bg6 13.dxc6 bxc6 14.g5 Nh5 15.Nxe4 Bxe4
16.fxe4 Ng3 17.Rg1 Nxe4 18.Qd4 Qe7 19.Rg4 Nc5 20.Qxg7 Be5 21.Qh6 Qd7 22.Bd2 O-O-O
23.O-O-O Kb8 24.Be2 Nb3+ 25.Kc2 Nxd2 26.Rb4+ Kc7 27.Ba6 Rb8 28.Rxd2 Qf5+
29.Bd3 Qc8 30.Qh4 a5 31.Rxb8 Qxb8 32.b3 Qb6 33.Qc4 Qxe3 34.Qxf7+ Kb6 35.Qf2 Bd4
36.Qxe3 Bxe3 37.Rg2 Rg8 38.h4 Rg7 39.Re2 Bf4 40.Re6 Bg3 41.Rh6 Rf7 42.Be4 Rf4
43.Rxc6+ Ka7 44.Bxh7 Rxh4 45.Bd3 Rg4 46.Ra6+ Kb7 47.Rxa5 Be1 48.Rb5+ Kc6
49.g6 Kd6 50.Bc4 Rg3 51.a5 Kc6 52.a6 Bf2 53.Rf5 Bd4 54.Rf4 Be5 55.a7 Rg2+
56.Kd3  1-0

[Event "4th Penang Heritage City Open"]
[Site "Penang MAS"]
[Date "2012.12.14"]
[Round "8.22"]
[White "Barretto,Franz"]
[Black "Wong,Yinn Long"]
[Result "1-0"]
[WhiteElo "2222"]
[BlackElo "1785"]

1.d4 d5 2.c4 c6 3.Nc3 Nf6 4.Nf3 dxc4 5.a4 Bf5 6.e3 e6 7.Bxc4 Bb4 8.O-O O-O
9.Qb3 Qb6 10.Nh4 Nbd7 11.Nxf5 exf5 12.Na2 Bd6 13.Qc2 g6 14.Nc3 a5 15.Rd1 Qc7
16.g3 Rfe8 17.Bd2 Nb6 18.Bf1 Nbd5 19.Rac1 Nb4 20.Qb3 Qe7 21.Be1 Rad8 22.Na2 Nfd5
23.Bg2 Nxa2 24.Qxa2 Nb4 25.Qb3 Rd7 26.h4 h5 27.Qc4 Qd8 28.Bf3 Bf8 29.Kg2 Nd5
30.Qb3 Nf6 31.Rc4 Ne4 32.Rb1 Bg7 33.Qc2 Qa8 34.b3 Rde7 35.b4 Nd6 36.Rc3 Bxd4
37.Rd3 Be5 38.bxa5 Qa6 39.Rdb3 f4 40.exf4 Bxf4 41.Bb4 Be5 42.Re1 Rd7 43.Rd3 Re6
44.Bxd6 Rexd6 45.Rxd6 Bxd6 46.Re8+ Kg7 47.Qc3+ f6 48.Qb3 Bf8 49.Qe6 Qd3 50.a6 bxa6
51.Qxc6 Qd6 52.Qa8 Rc7 53.Rd8 Qe7 54.Re8 Qd6 55.Rb8 Rd7 56.Rc8 Rc7 57.Rxc7+ Qxc7
58.Qxa6 Bc5 59.Qe2 Qa7 60.Bd5 Qe7 61.Qb5 Ba7 62.Qd3 Qc5 63.Qf3 Bb6 64.Be6 Qe7
65.Ba2 Qc5 66.Bb1 Qd4 67.Bc2 Ba7 68.Qe2 Qc5 69.a5 Kf7 70.a6 Kg7 71.Bd3 Qc6+
72.Qe4 Qxe4+ 73.Bxe4 Kf7 74.Bd5+ Ke7 75.f4 Bb6 76.Kf3 Ba7 77.Be4 Kf7 78.Ke2 f5
79.Bd5+ Ke7 80.Bb3 Bg1 81.Bd5 Bc5 82.Kd3 Kd6 83.Bf7 Kc6 84.Ke2 Kb6 85.Bxg6 Kxa6
86.Bxf5 Kb6 87.Bg6 Kc6 88.Bxh5 Kd5 89.Bf3+ Ke6 90.Be4 Kf6 91.g4 Bd6 92.g5+ Kg7
93.Kf3 Be7 94.h5 Kh8 95.Kg4  1-0

[Event "TCh-NED Meesterklasse 2012-13"]
[Site "Netherland NED"]
[Date "2012.12.15"]
[Round "5.4"]
[White "Ikonnikov,Vy"]
[Black "Van der Stricht,G"]
[Result "1-0"]
[WhiteElo "2525"]
[BlackElo "2403"]

1.d4 d5 2.Nf3 Nf6 3.c4 c6 4.Nc3 dxc4 5.a4 Bf5 6.e3 e6 7.Bxc4 Bb4 8.O-O Nbd7
9.Qe2 Bg4 10.h3 Bxf3 11.Qxf3 O-O 12.Qd1 a5 13.Qb3 Qb6 14.Rd1 e5 15.dxe5 Nxe5
16.Be2 Rfd8 17.Bd2 Nfd7 18.Be1 g6 19.Qc2 Bf8 20.Ne4 Bb4 21.Bc3 Be7 22.Kh1 f5
23.Nd6 Kf8 24.Nxf5  1-0

[Event "ITT Cerrado LAB IM 2012"]
[Site "Bogota COL"]
[Date "2012.12.18"]
[Round "2.5"]
[White "Arvola,B"]
[Black "Alarcon Casellas,Rol"]
[Result "1-0"]
[WhiteElo "2285"]
[BlackElo "2484"]

1.d4 d5 2.c4 c6 3.Nc3 Nf6 4.Nf3 dxc4 5.a4 Bf5 6.Ne5 Nbd7 7.Nxc4 Qc7 8.g3 e5
9.dxe5 Nxe5 10.Bf4 Nfd7 11.Bg2 g5 12.Ne3 gxf4 13.Nxf5 O-O-O 14.Qc2 fxg3 15.hxg3 Nf6
16.Ne3 Kb8 17.Qf5 Be7 18.Rc1 a6 19.b4 Bxb4 20.Qxf6 Bxc3+ 21.Rxc3 Qa5 22.Nd1 Rxd1+
23.Kxd1 Rd8+ 24.Kc2 Qxa4+ 25.Kb1 Qb5+ 26.Kc1 Qa5 27.Kc2 Qa4+ 28.Kb1 Qa5 29.Kc2 Rd4
30.Ra1 Qb5 31.Bf3 Ka7 32.Qe7 Rd2+ 33.Kxd2 Qb2+ 34.Kd1 Qxc3 35.Rc1 Qb3+ 36.Ke1 f6
37.Kf1 a5 38.Qc5+ Qb6 39.Qc3 Qb4 40.Qxb4 axb4 41.Be4 Kb6 42.f4 Ng4 43.Ke1 c5
44.Kd2 Kb5 45.Bd3+ Kc6 46.Bf5 h5 47.Bxg4 hxg4 48.Kd3 b5 49.e4 c4+ 50.Kd4 b3
51.Rd1 Kd6 52.Kc3+ Kc6 53.e5 fxe5 54.fxe5 Kc5 55.e6 b4+ 56.Kb2  1-0

[Event "19th Zadar Open A"]
[Site "Zadar CRO"]
[Date "2012.12.18"]
[Round "4.11"]
[White "Franic,M"]
[Black "Vlahov,D"]
[Result "1-0"]
[WhiteElo "2414"]
[BlackElo "2228"]

1.d4 d5 2.c4 c6 3.Nf3 Nf6 4.Nc3 dxc4 5.a4 Bf5 6.Nh4 Bd7 7.g3 Nd5 8.Bg2 e6
9.O-O Bb4 10.Qc2 Bxc3 11.bxc3 Qa5 12.Ra3 Bc8 13.Nf3 b6 14.e4 Ne7 15.Ne5 Ba6
16.Ra2 f6 17.Ba3 c5 18.Ng4 cxd4 19.cxd4 Nbc6 20.Rd1 Qg5 21.Ne3 e5 22.dxe5 fxe5
23.Nxc4 O-O 24.Rd7 Qg4 25.Rxe7 Nxe7 26.Bxe7 Qe6 27.Bxf8 Bxc4 28.Bh3 Qxh3
29.Qxc4+ Kxf8 30.Qb4+ Kg8 31.Qe7 Qh5 32.Rd2 Rf8 33.Rd8 Rxd8 34.Qxd8+ Kf7
35.Qc7+ Kf6 36.Qxa7 Qd1+ 37.Kg2 Qd4 38.Qa8 Qd6 39.h4 h5 40.Qh8 Kg6 41.Qe8+ Kh6
42.Qf7 Qc6 43.Qd5 Qf6 44.Kf1 g5 45.Qd2 Kg6 46.Qxg5+ Qxg5 47.hxg5 Kxg5 48.Kg2 h4
49.Kh3 hxg3 50.fxg3 Kh5 51.g4+  1-0

[Event "Norberto La Porta Open A"]
[Site "Buenos Aires ARG"]
[Date "2012.12.19"]
[Round "4"]
[White "Real de Azua,E"]
[Black "Cativelli,G"]
[Result "1-0"]
[WhiteElo "2465"]
[BlackElo "2170"]

1.d4 d5 2.c4 c6 3.Nc3 Nf6 4.Nf3 dxc4 5.a4 Bf5 6.e3 e6 7.Bxc4 Bb4 8.O-O O-O
9.Qe2 Nbd7 10.e4 Bg6 11.Bd3 Bh5 12.e5 Nd5 13.Nxd5 cxd5 14.Qe3 h6 15.Ne1 Rc8
16.Qh3 Qb6 17.Qxh5 Qxd4 18.Bxh6 gxh6 19.Qxh6 f5 20.Nf3 Qxd3 21.Qg6+ Kh8 22.Ng5 Nf6
23.exf6 Rc7 24.f7  1-0

[Event "19th Zadar Open A"]
[Site "Zadar CRO"]
[Date "2012.12.20"]
[Round "7.11"]
[White "Lalic,B"]
[Black "Schachinger,M"]
[Result "1-0"]
[WhiteElo "2484"]
[BlackElo "2426"]

1.d4 d5 2.c4 c6 3.Nf3 Nf6 4.Nc3 dxc4 5.a4 Bf5 6.Ne5 Nbd7 7.Nxc4 Qc7 8.g3 e5
9.dxe5 Nxe5 10.Bf4 Nfd7 11.Bg2 g5 12.Ne3 gxf4 13.Nxf5 O-O-O 14.Qc2 Kb8 15.O-O fxg3
16.hxg3 h5 17.Rfc1 Nf6 18.e3 h4 19.Nxh4 Neg4 20.Nb5 Qb6 21.Nd4 Rxd4 22.exd4 Rxh4
23.gxh4 Qc7 24.Qf5 Qh2+ 25.Kf1 Bd6 26.Rc3 Qxh4 27.Rh3  1-0

[Event "23rd Metropolitan GM"]
[Site "Los Angeles USA"]
[Date "2012.12.22"]
[Round "6"]
[White "Shen,V"]
[Black "Khachiyan,M"]
[Result "1/2-1/2"]
[WhiteElo "2419"]
[BlackElo "2479"]

1.d4 Nf6 2.c4 c6 3.Nc3 d5 4.Nf3 dxc4 5.a4 Bf5 6.e3 e6 7.Bxc4 Bb4 8.O-O Nbd7
9.Qe2 O-O 10.e4 Bg6 11.Bd3 Bh5 12.Bf4 Re8 13.e5 Nd5 14.Nxd5 exd5 15.h3 f6
16.g4 Bg6 17.Bxg6 hxg6 18.Qd3 Nf8 19.Bg3 g5 20.h4 fxe5 21.dxe5 gxh4 22.Nxh4 Qg5
23.Qe2 Ng6 24.Nf5 Nf4 25.Qf3 Ne6 26.Qe2 Nf4 27.Qf3 Ne6 28.Qe2  1/2-1/2

[Event "Groningen Open A"]
[Site "Groningen NED"]
[Date "2012.12.23"]
[Round "3.21"]
[White "De Ruiter,D"]
[Black "Schoorl,R"]
[Result "1/2-1/2"]
[WhiteElo "2226"]
[BlackElo "2366"]

1.d4 d5 2.c4 c6 3.Nf3 Nf6 4.Nc3 dxc4 5.a4 Bf5 6.Ne5 Nbd7 7.Nxc4 Nb6 8.Ne5 a5
9.f3 Nfd7 10.Nxd7 Nxd7 11.e4 Bg6 12.Be2 e6 13.Be3 Bb4 14.O-O O-O 15.Qb3 Qb8
16.Rad1 Re8 17.g3 Kh8 18.Bc4 Qc7 19.Ne2 Nb6 20.Bd3 f6 21.Bb1 e5 22.Kg2 Rad8
23.dxe5 fxe5 24.Nc1 Rxd1 25.Rxd1 Bf7 26.Qc2 Rd8 27.Rxd8+ Qxd8 28.Ba2 Bxa2
29.Nxa2 Nd7 30.Nxb4 axb4 31.Qc4 Qe7 32.b3 Qd6 33.Kf2 h6 34.Ke2 b6 35.Bd2 c5
36.Qd5 Qc7 37.f4 Nf6 38.Qxe5 Qf7 39.Qb8+ Kh7 40.Qxb6 Nxe4 41.Qc6  1/2-1/2

[Event "Groningen Open A"]
[Site "Groningen NED"]
[Date "2012.12.26"]
[Round "5.40"]
[White "Jacobs,Fl"]
[Black "IJzermans,Gijs"]
[Result "1/2-1/2"]
[WhiteElo "2151"]
[BlackElo "1966"]

1.d4 d5 2.c4 c6 3.Nf3 Nf6 4.Nc3 dxc4 5.a4 Bf5 6.Ne5 Nbd7 7.Nxc4 Qc7 8.g3 e5
9.dxe5 Nxe5 10.Bf4 Nfd7 11.Bg2 f6 12.O-O O-O-O 13.Nxe5 Nxe5 14.Qb3 Qf7 15.Qxf7 Nxf7
16.Rfc1 Bd6 17.Bxd6 Nxd6 18.e3 Rhe8 19.a5 Bd3 20.a6 Bxa6  1/2-1/2

[Event "21st Donau Open 2012"]
[Site "Aschach AUT"]
[Date "2012.12.27"]
[Round "3"]
[White "Menezes,Chr"]
[Black "Uksini,Bardhyl"]
[Result "1-0"]
[WhiteElo "2303"]
[BlackElo "1923"]

1.d4 d5 2.c4 c6 3.Nf3 Nf6 4.Nc3 dxc4 5.a4 Bf5 6.e3 e6 7.Bxc4 Bb4 8.O-O Nbd7
9.Qe2 O-O 10.e4 Bg6 11.Bd3 Bh5 12.e5 Nd5 13.Nxd5 cxd5 14.Qe3 Bg6 15.Bxg6 fxg6
16.a5 Bxa5 17.Ng5 Re8 18.Qf3 Bb6 19.Qf7+ Kh8 20.Nxh7 Qe7 21.Qxg6 Bxd4 22.Ng5 Nf8
23.Qh5+ Kg8 24.Nf3 Bc5 25.Ra4 Qf7 26.Qh3 Be7 27.Rg4 Rac8 28.Bh6 Ng6 29.Qh5 Nh8
30.Rxg7+ Qxg7 31.Bxg7 Kxg7 32.Ng5 Bxg5 33.Qxg5+ Kf8 34.Qh6+ Ke7 35.Qg7+ Kd8
36.Qxb7 Re7 37.Qb5 Nf7 38.f4 Nh6 39.h3 Nf5 40.Qa5+ Ke8 41.Qa4+ Kd8 42.g4 Ng3
43.Rd1 Rd7 44.f5 exf5 45.e6 Rd6 46.Qa5+ Ke7 47.Rxd5 Rxe6 48.Qa3+ Kf7 49.Qxg3 Rc1+
50.Kg2 Rc2+ 51.Kf3 Rxb2 52.Rxf5+  1-0